Costa Rica contemporánea: raíces del estado de la nación /
El documento consiste en un estudio para comprender la cabalidad la Costa Rica actual, sus logros y su desafíos, es necesario utilizar como marco de referencia, la situación del país a partir de la década de 1940. Mediante su conocimiento se podrá percibir cuál ha sido la magnitud y la naturaleza de...
Сохранить в:
| Корпоративные авторы: | , , , , , |
|---|---|
| Другие авторы: | , , , , , |
| Формат: | Неизвестно |
| Опубликовано: |
San José:
Editorial de la Universidad de Costa Rica
1999
|
| Предметы: | |
| Метки: |
Добавить метку
Нет меток, Требуется 1-ая метка записи!
|
MARC
| LEADER | 00000 a2200000 04500 | ||
|---|---|---|---|
| 001 | 10968 | ||
| 003 | cru CIDCACS/IIS | ||
| 005 | 20230703092507.0 | ||
| 008 | 991231s1999 cr d | ||
| 020 | |a 9977-67-563-5 | ||
| 040 | |c cru CIDCACS/IIS | ||
| 090 | |a 04.03.01 C837c | ||
| 110 | |a Proyecto Estado de la Nación | ||
| 245 | |a Costa Rica contemporánea: raíces del estado de la nación / |c Proyecto Estado de la Nación | ||
| 260 | |a San José: |b Editorial de la Universidad de Costa Rica |c 1999 | ||
| 300 | |a 355 páginas | ||
| 520 | |a El documento consiste en un estudio para comprender la cabalidad la Costa Rica actual, sus logros y su desafíos, es necesario utilizar como marco de referencia, la situación del país a partir de la década de 1940. Mediante su conocimiento se podrá percibir cuál ha sido la magnitud y la naturaleza del cambio experimentado por la sociedad costarricense desde ese momento. | ||
| 650 | |a POLITICA | ||
| 650 | |a SISITEMAS POLITICOS | ||
| 650 | |a ANALISIS HISTORICO | ||
| 650 | |a ELECCIONES | ||
| 650 | |a DEMOCRACIA | ||
| 650 | |a ESTADO | ||
| 650 | |a INTEGRACION REGIONAL | ||
| 700 | 1 | |9 6272 |a Quesada Camacho, Juan Rafael | |
| 700 | 1 | |9 11307 |a Masís Iverson, Daniel | |
| 700 | 1 | |9 11308 |a Barahono Montero, Manuel | |
| 700 | 1 | |9 11309 |a Meza Ocampo, Tobías | |
| 700 | 1 | |9 6814 |a Cuevas Molina, Rafael | |
| 700 | 1 | |9 11310 |a Rhenán Segura, Jorge | |
| 710 | |a Costa Rica. Consejo Nacional de Rectores | ||
| 710 | |a Costa Rica. Defensoría de los Habitantes | ||
| 710 | |a Naciones Unidas. Programa de las Naciones Unidas para el Desarrollo | ||
| 710 | |a PNUD | ||
| 710 | |a UE | ||
| 942 | |2 z |c LI |h 04.03.01 C837c |i 23344 |6 040301_C837C_23344 | ||
| 999 | |c 5258 |d 5258 | ||



